Vienna Lyrics (Hard) - Statistics

General Stats
  • This quiz has been taken 7 times
  • The average score is 99 of 277
Answer Stats
Lyrics % Correct
a
86%
child
86%
crazy
86%
down,
86%
Slow
86%
you
86%
about?
71%
afraid?
71%
ambitious
71%
are
71%
But
71%
fire,
71%
for
71%
hurry
71%
if
71%
juvenile
71%
me
71%
smart,
71%
so
71%
so
71%
so
71%
still
71%
tell
71%
the
71%
the
71%
then
71%
what's
71%
Where's
71%
Why
71%
you
71%
you're
71%
you're
71%
a
57%
and
57%
better
57%
You'd
57%
a
43%
a
43%
and
43%
and
43%
And
43%
before
43%
burn
43%
cool
43%
day
43%
do
43%
got
43%
hours
43%
in
43%
it
43%
it
43%
many
43%
much
43%
off
43%
Only
43%
out
43%
so
43%
so
43%
to
43%
Vienna
43%
Vienna
43%
Vienna
43%
Vienna
43%
Vienna
43%
you
43%
You've
43%
afford
29%
ahead
29%
all
29%
all
29%
Although
29%
always
29%
are
29%
bad
29%
be
29%
be
29%
before
29%
Before
29%
before
29%
borderline
29%
But
29%
but
29%
but
29%
but
29%
can
29%
can
29%
can
29%
can
29%
can
29%
can
29%
can't
29%
can't
29%
child
29%
come
29%
crazy
29%
day
29%
disappear
29%
doing
29%
don't
29%
don't
29%
don't
29%
down,
29%
down,
29%
Dream
29%
even
29%
even
29%
everything
29%
fine
29%
fools
29%
for
29%
for
29%
for
29%
for
29%
for
29%
for
29%
forget
29%
get
29%
get
29%
Get
29%
get
29%
get
29%
get
29%
gonna
29%
gonna
29%
got
29%
got
29%
halfway
29%
halfway
29%
hook
29%
imagine
29%
is
29%
is
29%
it's
29%
it's
29%
it's
29%
just
29%
just
29%
kick
29%
kick
29%
know
29%
know
29%
know
29%
know
29%
lead
29%
life
29%
lose
29%
need
29%
of
29%
off
29%
off
29%
off
29%
old
29%
old
29%
on
29%
on,
29%
only
29%
or
29%
or
29%
or
29%
passion,
29%
phone
29%
pride
29%
realize,
29%
realize,
29%
realize,
29%
realize,
29%
realize,
29%
right.
29%
right
29%
right,
29%
romantic
29%
satisfied?
29%
see
29%
see
29%
Slow
29%
Slow
29%
so
29%
so
29%
take
29%
that
29%
That
29%
that
29%
that
29%
that
29%
that
29%
the
29%
the
29%
the
29%
the
29%
the
29%
the
29%
they'll
29%
Though
29%
through
29%
through
29%
time
29%
to
29%
to
29%
told..
29%
told
29%
tonight
29%
Tonight...
29%
Too
29%
true
29%
truth
29%
truth
29%
two
29%
waits
29%
waits
29%
waits
29%
waits
29%
waits
29%
want
29%
want
29%
want
29%
what
29%
what
29%
what
29%
when
29%
When
29%
when
29%
when
29%
When
29%
When
29%
when
29%
When
29%
while
29%
Why
29%
will
29%
will
29%
will
29%
will
29%
wrong,
29%
you
29%
you
29%
you
29%
you
29%
you
29%
you
29%
you?
29%
You
29%
you
29%
you
29%
you
29%
you
29%
you
29%
you
29%
You
29%
you
29%
you
29%
you?
29%
you
29%
you
29%
you
29%
you?
29%
you
29%
you
29%
you
29%
you
29%
you
29%
you
29%
you
29%
you
29%
you?
29%
your
29%
your
29%
your
29%
You're
29%
you're
29%
you're
29%
you're
29%
you're
29%
You're
29%
You're
29%
yourself
29%
You've
29%
you've
29%
No matching quizzes found
Score Distribution
Percent of People with Each Score
Percentile by Number Answered
Your Score History
You have not taken this quiz